Theatre choisi / (Record no. 295760)
[ view plain ]
| 000 -LEADER | |
|---|---|
| fixed length control field | 00613nam a2200205 u 4500 |
| 001 - CONTROL NUMBER | |
| control field | 000818184 |
| 003 - CONTROL NUMBER IDENTIFIER | |
| control field | AM-YeHGA |
| 005 - DATE AND TIME OF LATEST TRANSACTION | |
| control field | 20250617144530.0 |
| 008 - FIXED-LENGTH DATA ELEMENTS--GENERAL INFORMATION | |
| fixed length control field | 110621s1919 fr r 000 0 fre d |
| 040 ## - CATALOGING SOURCE | |
| Original cataloging agency | AM-YeHGA |
| 041 0# - LANGUAGE CODE | |
| Language code of text/sound track or separate title | fre |
| 090 ## - LOCALLY ASSIGNED LC-TYPE CALL NUMBER (OCLC); LOCAL CALL NUMBER (RLIN) | |
| -- | 297450 |
| 100 1# - MAIN ENTRY--PERSONAL NAME | |
| Personal name | Racine, Jean, |
| Dates associated with a name | 1639-1699. |
| 245 10 - TITLE STATEMENT | |
| Title | Theatre choisi / |
| Statement of responsibility, etc. | Racine ; Avec une introduction des etudes, des notes, une grammaire et un lexique par G. Le Bidois. |
| 250 ## - EDITION STATEMENT | |
| Edition statement | 14. ed. |
| 260 ## - PUBLICATION, DISTRIBUTION, ETC. | |
| Place of publication, distribution, etc. | Paris : |
| Name of publisher, distributor, etc. | J. de Gigord, |
| Date of publication, distribution, etc. | 1919. |
| 300 ## - PHYSICAL DESCRIPTION | |
| Extent | xxviii, 496 p. : |
| Other physical details | portr. |
| 650 14 - SUBJECT ADDED ENTRY--TOPICAL TERM | |
| Topical term or geographic name entry element | French literature |
| General subdivision | Plays |
| 700 1# - ADDED ENTRY--PERSONAL NAME | |
| Personal name | Bidois, G. Le |
| Relationship | aui |
| Withdrawn status | Lost status | Source of classification or shelving scheme | Damaged status | Not for loan | Collection | Home library | Current library | Date acquired | Total checkouts | Full call number | Barcode | Date last seen | Price effective from | Koha item type | Public note |
|---|---|---|---|---|---|---|---|---|---|---|---|---|---|---|---|
| Universal Decimal Classification | Merdinian Individual Collection | Fundamental Scientific Library | Fundamental Scientific Library | 29/12/2016 | Merd/2833 | FL0197022 | 29/12/2016 | 29/12/2016 | Գրքեր / Books | ILL Non-Circ. |
ՀՀ Գիտությունների ազգային ակադեմիայի հիմնարար գիտական գրադարան = Fundamental Scientific Library of NAS RA
All site content, except where otherwise noted, is licensed under a